00949pam a2200313 a 45000010005000000030006000050050017000110080041000280100017000690200017000860200018001030400023001210420009001440500026001530820015001791000026001942450076002202600032002963000051003285050007003795200085003865210021004715210018004926500022005106500020005326500022005526500022005747000039005961992FISKH20250127110726.0891229r19901989caua j 000 1 eng  a 89078475  a0152004718 : a9780152380113 aDLCcDLCdDLCbeng alcac00aPZ8.3.M1569bIaw 199000a829.3 2201 aWilliams, Sue,d1948-10aI went walking /cwritten by Sue Williams ; illustrated by Julie Vivas. aNew York :bVoyager,c1989. a32 pages :bcolor illustrations ;c26 x 27 cm aE  aDuring the course of a walk, a young boy identifies animals of different colors.8 a260 bLexile NP 8 aE bRaz-Plus  1aWalkingxFiction. 1aColorxFiction. 1aAnimalsxFiction. 1aStories in rhyme.1 aVivas, Julie,d1947-eillustrator